000 00521nam a2200157Ia 4500
008 210716s2008 xx 000 0 und d
020 _a978818129063
041 _aeng
082 _a515.35 BENC
100 _aBender, Carl M; Orszag, Steven A.
245 _aAdvanced mathematical methods for scientists and engineers I: asymptotic methods and perturbation theory.
_bAsymptotic methods and perturbation theory.
250 _a1
260 _aNew Delhi
_bSpringer
_c2008
300 _axiv,593
650 _aMathematics(510)
999 _c190010
_d190010